| 000 | 00690nam a2200229 i 4500 | ||
|---|---|---|---|
| 001 | bg | ||
| 100 | 1 | _aŚRÓDKA, Andrzej | |
| 245 | 1 | 0 |
_aUczeni polscy XIX-XX stulecia. / _cAndrzej Śródka _nT. 3, M-R. |
| 260 |
_aWarszawa : _b"Aries", _c1997. |
||
| 300 |
_a622, [2] s. : _bfaks., portr., err. ; _c25 cm. |
||
| 504 | _aŹródła podobizn s. 615-616. | ||
| 650 | 9 |
_aNauka _xbiografie _zPolska _y19-20 w. |
|
| 020 | _a8385787216 (t. 3) | ||
| 020 | _a8385787070 (całość) | ||
| 040 | _cBPK | ||
| 041 | 0 | _apl | |
| 080 | _a001:929-052](438)"18/19" | ||
| 920 | _a83-85787-21-6 (t. 3) | ||
| 920 | _a83-85787-07-0 (całość) | ||
| 942 | _cKS | ||
| 008 | s pl f |000 0 pol | ||
| 999 |
_c36395 _d36395 |
||
| 856 |
_uhttp://koha.tu.koszalin.pl/cgi-bin/koha/opac-detail.pl?biblionumber=36395 _yKatalog online BPK |
||